000 00445nam a2200169 a 4500
082 0 0 _a323.39710954
_bAHM2
100 _aAhmad, Jamal-Ud-din
245 _aMuslim India and Its Goal
260 _aAligarh
_bNo Publisher
_c1940
300 _a40p
500 _aincludes index and biblioraphy
650 _aMuslims-India-Politics
650 _aPakistan-Movement
650 _aMuslim-India-politics
700 1 _aAhmad, Jamal-Ud-din
942 _cBK
999 _c2660
_d2660